000 00757nam a2200241Ia 4500
003 OSt
005 20251229164650.0
008 220923b |||||||| |||| 00| 0 eng d
020 _a8121510546
037 _cGeneral Book
040 _aRTL
_cRTL
_beng
041 _2eng
_aeng
084 _aY:3(S5), P2
_qRTL
100 _aMoitra Shefali
_9305922
245 0 _aFeminist thought: androcentrism, communication and objectivity
260 _a New Delhi
_bMunshiram- Manoharlal
_c2002
300 _ax, 156 p.
_bIncludes bibliographical references and index.
490 _aJadavpur Studies in Philosophy
650 _a Sex
_931676
650 _aSociology
_9860226
942 _hY:3(S5), P2
_cGB
_2CC
_n0
999 _c605161
_d605161